000 00344nam a2200109Ia 4500
008 220620s9999||||xx |||||||||||||| ||und||
100 _aHarmat, Gal
245 0 _aIntersectional Pedagogy
_bCreative Education Practices for Gender and Peace Work
546 _aEnglish[eng]
650 _ainnovative learning methods||gender||peace work
942 _cEB
999 _c22803
_d22803